Tout les modes de jeux de Rinaorc (Minecraft) [MAI 2023] - Statistiques

Statistiques générales
  • Ce quiz a été pris 43 fois
  • Le résultat moyen est 6 sur 16
Statistiques - réponses
Mode % Correct
BedWars
97%
Sheepwars
58%
SkyBlock
55%
Pixel Perfect
45%
Practice
42%
FreeBuild
39%
Murder
39%
Parkour
39%
The Purge
35%
PvPBox
32%
Arcade
29%
Hunger Games
26%
Smash
23%
PvP Enchants
19%
UHC HOST
19%
GTA Rinacity
16%
Aucun quiz correspondant
Distribution des résultats
% des personnes avec chaque résultat
Percentile par nombre de réponses
Votre historique - résultats
Vous n’avez pas pris ce quiz